000 00702nam a2200253Ia 4500
003 OSt
005 20220927105512.0
006 a|||||r|||| 00| 0
007 ta
008 220926b |||||||| |||| 00| 0 eng d
024 _a173002
037 _cReference Collections
040 _aRTL
_cRTL
_beng
041 _2eng
_aeng
082 _a"V2,31p. N88, M8.145-20"
110 _aRajya Sabha.
_9372953
245 0 _aOfficial Report.
260 _aNew
_bDelhi Rajya Sabha Secretariat.
_c1988
300 _a304p.
_ccm.
490 _v"145 Vol., no.20"
700 _aRajya Sabha.
_9372954
942 _h"V2,31p. N88, M8.145-20"
_cCC
999 _c692844
_d692844